| 000 | 02636nam0a2200385 4500 | ||
|---|---|---|---|
| 001 | RU\NLR\BIBL_A\022716621 | ||
| 005 | 20260305164723.0 | ||
| 010 |
_a978-5-907961-61-6 _930 |
||
| 021 |
_aRU _bКН-П-25-076703 _9КН-П-25-7430 |
||
| 035 | _a(NLR Aleph) 022716621 | ||
| 090 |
_a13556514 _c13556514 |
||
| 100 | _a20260203d2025 u y0rusy50 ca | ||
| 101 | 0 | _arus | |
| 102 | _aRU | ||
| 105 | _aac ac 011yy | ||
| 181 | 0 |
_ai _baxxe |
|
| 182 | 0 | _an | |
| 200 | 1 |
_aБелоусов Андрей Владимирович _eбиобиблиографический указатель _fМинистерство просвещения Российской Федерации, Федеральное государственное бюджетное образовательное учреждение высшего образования "Воронежский государственный педагогический университет", Фундаментальная библиотека _gсоставитель: Н. В. Бакулина _gнаучный редактор: профессор С. В. Корнев |
|
| 203 |
_aТекст _bвизуальный _cнепосредственный |
||
| 210 |
_aВоронеж _cВоронежский государственный педагогический университет _d2025 |
||
| 215 |
_a52 с., [8] л. цв. ил., портр. _cпортр. _d21 |
||
| 225 | 1 | _aСерия "Ученые Воронежского государственного педагогического университета" | |
| 300 | _aНа 5-й с.: К юбилею д-ра экон. наук, проф. А. В. Белоусова | ||
| 300 | _aВспом. указатели: с. 48–51 | ||
| 600 | 1 |
_aБелоусов _bА. В. _f1965 _gАндрей Владимирович _jБиобиблиография _92699782 _3RU\NLR\AUTH\6601767238 |
|
| 686 | 1 | _aУ.д(2Р)я1 | |
| 702 | 1 |
_aБакулина _bН. В. _gНаталия Владимировна _4220 |
|
| 702 | 1 |
_4340 _aКорнев _bС. В. _cд-р физ.-мат. наук _f1978- _gСергей Викторович _9129602 _3RU\NLR\AUTH\770129633 |
|
| 702 | 1 |
_aБелоусов _bА. В. _f1965- _gАндрей Владимирович _4280 |
|
| 712 | 0 | 2 |
_4475 _aВоронежский государственный педагогический университет _bФундаментальная библиотека _9753803 _3RU\NLR\AUTH\8810128383 |
| 942 | _cBOOK | ||
| 980 | _aNB | ||